English proficiency 1 / (Record no. 291776)
[ view plain ]
| 000 -LEADER | |
|---|---|
| fixed length control field | 00591nam a2200217Ia 4500 |
| 008 - FIXED-LENGTH DATA ELEMENTS--GENERAL INFORMATION | |
| fixed length control field | 160319s9999 xx 000 0 und d |
| 020 ## - INTERNATIONAL STANDARD BOOK NUMBER | |
| International Standard Book Number | 978-971-98-0081-1 |
| 050 ## - LIBRARY OF CONGRESS CALL NUMBER | |
| Classification number | FIL PE 1130.P5 |
| 050 ## - LIBRARY OF CONGRESS CALL NUMBER | |
| Item number | .E54 2013 |
| 245 ## - TITLE STATEMENT | |
| Title | English proficiency 1 / |
| 245 ## - TITLE STATEMENT | |
| Statement of responsibility, etc | Evelyn L. Sebastian... [et al] |
| 250 ## - EDITION STATEMENT | |
| Edition statement | 2nd Edition |
| 260 ## - PUBLICATION, DISTRIBUTION, ETC. (IMPRINT) | |
| Place of publication, distribution, etc | Quezon City: |
| 260 ## - PUBLICATION, DISTRIBUTION, ETC. (IMPRINT) | |
| Name of publisher, distributor, etc | C&E Publishing, Inc. |
| 260 ## - PUBLICATION, DISTRIBUTION, ETC. (IMPRINT) | |
| Date of publication, distribution, etc | 2013 |
| 300 ## - PHYSICAL DESCRIPTION | |
| Extent | 221 pages : |
| 300 ## - PHYSICAL DESCRIPTION | |
| Other physical details | illustrations ; |
| 300 ## - PHYSICAL DESCRIPTION | |
| Dimensions | 26 cm. |
| 650 ## - SUBJECT ADDED ENTRY--TOPICAL TERM | |
| Topical term or geographic name as entry element | English language -- Study and teaching. |
| 650 ## - SUBJECT ADDED ENTRY--TOPICAL TERM | |
| General subdivision | English language -- Textbooks. |
| Withdrawn status | Lost status | Damaged status | Home library | Current library | Shelving location | Date acquired | Cost, normal purchase price | Total Checkouts | Full call number | Barcode | Date last seen | Price effective from | Koha item type |
|---|---|---|---|---|---|---|---|---|---|---|---|---|---|
| South Mansfield College | South Mansfield College | Filipiniana Section | 01/11/2016 | 233.75 | FIL PE 1130.P5 .E54 2013 | SMC06042 | 03/19/2016 | 03/19/2016 |